Datum a čas kvízu
28
Celkem bodů
Celkový počet nahraných bodů na tomto kvízu bez doplňovacích otázek.
6.
Pořadí na kvízu
Konečné umístění týmu na tomto kvízu.
Zaznamenané odpovědi
| # | Otázka | Odpověď | Body | Výsledky |
|---|---|---|---|---|
| 1. | Řídit soupravu pražského metra... | 0 | ||
| 2. | Loď slavného polárního badatel... | 0 | ||
| 3. | Americký herec, známý mimo jin... | 0 | ||
| 4. | Známá vltavská Barevná skála j... | 1 | ||
| 5. | Vytrvalostní běžkyně Eva Vrabc... | 1 | ||
| 6. | Partnerem Hospodského kvízu se... | 1 | ||
| 7. | Když se řekne rum, může to něk... | 1 | ||
| 8. | Jak se jmenuje české město, v... | 0 | ||
| 9. | Napište podtitul prvního dílu... | 0 | ||
| 10. | Jak se nazývá země, ze které p... | 1 |